9 największych miast na Sri Lance - Statystyki

Ogólne statystyki
  • Ten quiz został rozwiązany 38 razy
  • Średni wynik to 2 z 9
Statystyki odpowiedzi
Liczba mieszkańców Nazwa miasta % Poprawnych
116 366 Sri Dźajawardanapura Kotte
90%
647 100 Kolombo
80%
109 343 Kandy
20%
90 270 Galle
13%
121 701 Negombo
13%
94 579 Kalmunai
3%
80 313 Batticaloa
0%
210 546 Dehiwala-Mount Lavinia
0%
177 563 Moratuwa
0%
Nie znaleziono quizów pasujących do podanych kryteriów
Rozkład punktacji
Procent ludzi z każdym wynikiem
Percentyl według liczby udzielonych odpowiedzi
Twoja historia wyników
Nie rozwiązałeś tego quizu